Alteridad y dimensión trágica de Henri Christophe /
Gespeichert in:
| 1. Verfasser: | |
|---|---|
| Format: | Unbekannt |
| Sprache: | Spanish |
| Schlagworte: | |
| Tags: |
Tag hinzufügen
Keine Tags, Fügen Sie den ersten Tag hinzu!
|
MARC
| LEADER | 000000000a22000000004500 | ||
|---|---|---|---|
| 001 | 006758 | ||
| 041 | 0 | |a spa | |
| 100 | 1 | |a Fernández Martínez, Mirta | |
| 245 | 1 | 0 | |a Alteridad y dimensión trágica de Henri Christophe / |c Mirta Fernández Martínez. |
| 310 | |a trimestral | ||
| 650 | 4 | |a HAITI | |
| 773 | 0 | |x 0864-1331 |d Santiago, Cuba : Casa del Caribe |t Del Caribe |g volumen 45 (2004), páginas 30-35 | |
| 942 | |c ARC | ||
| 999 | |c 12977 |d 12977 | ||
